00327 2200133 4500001002100000005001500021035002000036245003800056100001900094260003600113082000800149084001400157990002200171INLIS00000000000247220250604105816 a0010-06250000581 aHulubalang Raja /cN. St Iskandar0 aN. St Iskandar aJakarta :bBalai Pustaka,c2000 a800 a800 N. h a000100 s/d 000102